Chemical analysis by flame photometry (Record no. 20483)

MARC details
000 -LEADER
fixed length control field 00412nam a2200157Ia 4500
082 ## - DEWEY DECIMAL CLASSIFICATION NUMBER
Classification number 535.24
Item number HER
100 ## - MAIN ENTRY--AUTHOR NAME
Personal name Alkemade, C T J
245 #0 - TITLE STATEMENT
Title Chemical analysis by flame photometry
250 ## - EDITION STATEMENT
Edition statement Ed.2
260 ## - PUBLICATION, DISTRIBUTION, ETC. (IMPRINT)
Place of publication New York
Name of publisher Interscience
Year of publication 1963
490 ## - SERIES STATEMENT
Series statement Chemical analysis V 4
650 ## - SUBJECT ADDED ENTRY--TOPICAL TERM
Topical Term Flame photometry
700 ## - ADDED ENTRY--PERSONAL NAME
Personal name Herrmann, Roland
942 ## - ADDED ENTRY ELEMENTS (KOHA)
Koha item type Books
Holdings
Withdrawn status Lost status Damaged status Not for loan Home library Current library Date acquired Cost, normal purchase price Full call number Accession Number Koha item type
        RRII Library RRII Library 16/12/2021 16.00 535.24 HER 01208 Books